Để hiểu văn hóa Nhật Bản
Quyển sách giới thiệu những tín ngưỡng và tôn giáo Nhật Bản như Thần Đạo, Đạo phật, những tín ngưỡng dân gian. Những đặc tính văn hóa của người Nhật, những phong tục tập quán,...
Na minha lista:
| Autor principal: | |
|---|---|
| Formato: | Livro |
| Idioma: | Undetermined |
| Publicado em: |
Hà Nội
Văn Nghệ
2006
|
| Assuntos: | |
| Tags: |
Adicionar Tag
Sem tags, seja o primeiro a adicionar uma tag!
|
| Thư viện lưu trữ: | Trung tâm Học liệu Trường Đại học Cần Thơ |
|---|
| LEADER | 00823nam a2200217Ia 4500 | ||
|---|---|---|---|
| 001 | CTU_112952 | ||
| 008 | 210402s9999 xx 000 0 und d | ||
| 020 | |c 35000 | ||
| 082 | |a 952 | ||
| 082 | |b H401 | ||
| 100 | |a Lý, Kim Hoa | ||
| 245 | 0 | |a Để hiểu văn hóa Nhật Bản | |
| 245 | 0 | |c Lý Kim Hoa | |
| 260 | |a Hà Nội | ||
| 260 | |b Văn Nghệ | ||
| 260 | |c 2006 | ||
| 520 | |a Quyển sách giới thiệu những tín ngưỡng và tôn giáo Nhật Bản như Thần Đạo, Đạo phật, những tín ngưỡng dân gian. Những đặc tính văn hóa của người Nhật, những phong tục tập quán,... | ||
| 650 | |a Japan | ||
| 650 | |x Civilization. | ||
| 904 | |i Minh | ||
| 980 | |a Trung tâm Học liệu Trường Đại học Cần Thơ | ||